00267nam a2200121Ia 4500008004100000100001200041245002600053260002200079300000900101650001300110942000700123999001500130190216s9999||||xx |||||||||||||| ||und|| aAhlawat 0aInternational Finance bKalyani Pubc2001 a237p aCommerce cBK c7311d7311